Fullmetal Alchemist : Personnages #1 - Statistiques

Statistiques générales
  • Ce quiz a été pris 145 fois
  • Le résultat moyen est 12 sur 16
Statistiques - réponses
Par images Réponse % Correct
Edward Elric
95%
Alphonse Elric
94%
Roy Mustang
91%
Envy
87%
Gluttony
86%
Greed
86%
Lust
83%
Winry Rockbell
79%
Wrath / King Bradley
79%
Sloth
73%
Pride / Selim Bradley
72%
Riza Hawkeye
69%
Van Hohenheim
67%
Pinako Rockbell
55%
Ling Yao
54%
Trisha Elric
51%
Aucun quiz correspondant
Distribution des résultats
% des personnes avec chaque résultat
Percentile par nombre de réponses
Votre historique - résultats
Vous n’avez pas pris ce quiz